Devinez le Pays Mystère #111 - Statistiques

Statistiques générales
  • Ce quiz a été pris 426 fois
  • Le résultat moyen est 13 sur 15
Statistiques - réponses
Type de Réponse Réponse % Correct
Lettre Bien Placée E
99%
Lettre Trouvée E
99%
Lettre Trouvée A
95%
Lettre Trouvée É
94%
Lettre Trouvée I
94%
Lettre Trouvée G
93%
Lettre Bien Placée I
92%
Lettre Trouvée R
91%
Lettre Trouvée L
90%
Lettre Bien Placée É
82%
Lettre Bien Placée R
82%
Lettre Bien Placée A
81%
Lettre Bien Placée L
81%
Pays Mystère Algérie
80%
Lettre Bien Placée G
80%
Aucun quiz correspondant
Distribution des résultats
% des personnes avec chaque résultat
Percentile par nombre de réponses
Votre historique - résultats
Vous n’avez pas pris ce quiz